000 00330nam a2200121Ia 4500
005 20260326235506.0
008 260326s9999||||xx |||||||||||||| ||und||
100 _aSteiner, Dietmar
245 0 _aArchitektur in Wien :
_b 300 sehenswerte bauten /
_cDietmar Steiner
300 _a175 p.
650 _aARQUITECTURA REGIONAL
942 _cBK
999 _c8175
_d8175